000 00353pam a2200157 a 4500
020 _c
041 _h
082 _a647.95
100 _aSHIRING S.B.
_eAuthor
245 _aINTRODUCTION TO CATERING.
_cSHIRING S.B.
_hTextual Documents
260 _aNew Delhi
_bDalmar
300 _a398
653 _acatering
700 _eCo-Author
930 _a2625
999 _c230024
_d230024